Manual de clasificadores presupuestarios del sector público /. (Record no. 15995)
[ view plain ]
| 000 -CABECERA | |
|---|---|
| campo de control de longitud fija | 00928nam a2200241 a 4500 |
| 001 - NÚMERO DE CONTROL | |
| campo de control | 000016460 |
| 003 - IDENTIFICADOR DEL NÚMERO DE CONTROL | |
| campo de control | DO-SdBNP |
| 005 - FECHA Y HORA DE LA ÚLTIMA TRANSACCIÓN | |
| campo de control | 20251022101015.0 |
| 008 - DATOS DE LONGITUD FIJA--INFORMACIÓN GENERAL | |
| campo de control de longitud fija | 100305s2003 dr r 001 0 spa d |
| 040 ## - FUENTE DE LA CATALOGACIÓN | |
| Centro catalogador/agencia de origen | DO-SdBNP |
| Lengua de catalogación | spa |
| Centro/agencia transcriptor | BNPHU |
| 082 ## - NÚMERO DE LA CLASIFICACIÓN DECIMAL DEWEY | |
| Número de clasificación | 352.48 |
| -- | R426m, 2003 |
| 110 1# - ENTRADA PRINCIPAL--NOMBRE DE ENTIDAD CORPORATIVA | |
| Nombre de entidad corporativa o nombre de jurisdicción como elemento de entrada | República Dominicana |
| Unidad subordinada | Secretariado Técnico de la Presidencia |
| 9 (RLIN) | 32024 |
| 245 10 - MENCIÓN DE TÍTULO | |
| Título | Manual de clasificadores presupuestarios del sector público /. |
| 250 ## - MENCIÓN DE EDICIÓN | |
| Mención de edición | 3a. ed. |
| 260 ## - PUBLICACIÓN, DISTRIBUCIÓN, ETC. | |
| Lugar de publicación, distribución, etc. | Santo Domingo : |
| Nombre del editor, distribuidor, etc. | Oficina Nacional de Presupuesto |
| -- | Programa de Administración Financiera Integrada, |
| Fecha de publicación, distribución, etc. | 2003 |
| Fabricante | Lozano |
| 300 ## - DESCRIPCIÓN FÍSICA | |
| Extensión | 189 p. ; |
| Dimensiones | 24 cm. |
| 650 #0 - PUNTO DE ACCESO ADICIONAL DE MATERIA--TÉRMINO DE MATERIA | |
| Término de materia o nombre geográfico como elemento de entrada | Finanzas públicas |
| 9 (RLIN) | 32168 |
| 650 #4 - PUNTO DE ACCESO ADICIONAL DE MATERIA--TÉRMINO DE MATERIA | |
| Término de materia o nombre geográfico como elemento de entrada | Presupuesto |
| Subdivisión geográfica | República Dominicana |
| 9 (RLIN) | 7940 |
| 650 #4 - PUNTO DE ACCESO ADICIONAL DE MATERIA--TÉRMINO DE MATERIA | |
| Término de materia o nombre geográfico como elemento de entrada | República dominicana |
| Subdivisión general | Condiciones económicas |
| 9 (RLIN) | 10259 |
| 650 #4 - PUNTO DE ACCESO ADICIONAL DE MATERIA--TÉRMINO DE MATERIA | |
| Término de materia o nombre geográfico como elemento de entrada | Gastos públicos |
| Subdivisión geográfica | República Dominicana |
| 9 (RLIN) | 6405 |
| 651 #4 - PUNTO DE ACCESO ADICIONAL DE MATERIA--NOMBRE GEOGRÁFICO | |
| Nombre geográfico | República Dominicana |
| Subdivisión general | Política Económica |
| 9 (RLIN) | 643 |
| 942 ## - ELEMENTOS DE PUNTO DE ACCESO ADICIONAL (KOHA) | |
| Fuente del sistema de clasificación o colocación | Dewey Decimal Classification |
| Tipo de ítem Koha | Libro |
| Estado de retiro | Estado de pérdida | Restricciones de uso | No para préstamo | Código de colección | Localización permanente | Ubicación/localización actual | Ubicación en estantería | Fecha de adquisición | Número de inventario | Total de préstamos | Signatura topográfica completa | Código de barras | Fecha visto por última vez | Número de copia | Precio válido a partir de | Tipo de ítem Koha |
|---|---|---|---|---|---|---|---|---|---|---|---|---|---|---|---|---|
| Extraviado | Dominicana de Servicio | General | General | Extraviado | 12.07.2013 | LF1 | 352.48 R426m, 2003 | 16460-30 | 25.06.2020 | e. 3 | 25.06.2020 | Libro y Folleto Colección Dominicana de Servicio | ||||
| Excluido de préstamo | Patrimonio Dominicano | Patrimonio Dominicano | Patrimonio Dominicano | Depósito | 05.03.2010 | LF1 | 352.48 R426m, 2003 | 16460-10 | 25.06.2020 | 25.06.2020 | Libro y Folleto Colección Patrimonio Dominicano | |||||
| Excluido de préstamo | Patrimonio Dominicano | Patrimonio Dominicano | Patrimonio Dominicano | Depósito | 05.03.2010 | LF1 | 352.48 R426m, 2003 | 16460-20 | 25.06.2020 | e. 2 | 25.06.2020 | Libro y Folleto Colección Patrimonio Dominicano |
